01003nam a22002297a 4500952009700000999001700097008004100114050001600155245012200171260003200293300001800325505019200343519000900535650002500544650001300569650003800582650001800620650002000638700005000658710005800708942000700766 00102lcc4070a11b11d2015-08-27l0oBF173 D473p11 012569r2015-08-27t1w2015-08-27yLB c89780d89780130520t1997 xxu||||| |||| 00| 0 eng d aBF173 bD47 aDesarrollo humano y calidad : valores y actitudesb; lecturas para docentesc/ coordinador Marco A., Reséndiz Rivas aMéxicob: Conalepc, 1997 a390 páginas aContenido: Normas jurídicas generales.- Educación y valores.- Adolescencia, desarrollo moral y autoestima.-Promocion y docencia de valores.- Estrategias de aprendizaje y evaluación. a d  a1. DESARROLLO HUMANO a2. ETICA a3. VALORES, FILOSOFIA DE LOS -  a4. PSICOLOGIA a5. BACHILLERATO aReséndiz Rivas, Marco Antonio ecoordinador aColegio nacional de educación profesional Técnica cLB